| 000 | 00636nam a2200205 i 4500 | ||
|---|---|---|---|
| 001 | 128943 | ||
| 003 | ES-MaACL | ||
| 005 | 20251003161925.0 | ||
| 007 | t| | ||
| 008 | 070531s1946 sp ||||1| spa d | ||
| 080 | _a940.42 | ||
| 100 | 1 |
_aTaylor, J. E. _9109451 |
|
| 245 | 1 | 0 |
_aEscolta del Norte / _cJ.E. Taylor ; traducido del inglés por José del Río Sainz. |
| 260 |
_aMadrid : _bAtlas, _c1946. |
||
| 300 |
_a236 p. ; _c20 cm. |
||
| 650 | 1 | 4 |
_aGuerra mundial, 1939-1945- _xOperaciones navales. _913248 |
| 700 | 1 |
_aRío Sainz, José del, _d1884-1964 _991849 |
|
| 852 |
_aES-MaACL _jB-10778 _bR.22393 |
||
| 999 |
_c128943 _d128943 |
||